Gestión de residuos industriales /
Guardado en:
| Autor principal: | |
|---|---|
| Formato: | Libro |
| Idioma: | Español |
| Publicado: |
Murcia, España : Bogotá, Colombia :
Cano Pina ; Ediciones de la U,
2018, c2018
|
| Temas: | |
| Etiquetas: |
Sin etiquetas, Sé el primero en etiquetar este registro!
|
MARC
| LEADER | 00000nam^a2200000^a^4500 | ||
|---|---|---|---|
| 001 | 000561294 | ||
| 005 | 20250521000000.0 | ||
| 009 | 20260310131920.413 | ||
| 020 | |a 978-958-762-771-8 | ||
| 037 | |a Acervo ITESO - Biblioteca | ||
| 041 | |a ESP | ||
| 082 | |a 628. 42 |b PEC | ||
| 100 | |a Pecoraio, Simona |e (autor) | ||
| 245 | 1 | 0 | |a Gestión de residuos industriales / |c S. Pecoraio. |
| 264 | 4 | |a Murcia, España : |b Cano Pina ; |a Bogotá, Colombia : |b Ediciones de la U, |c 2018, c2018 | |
| 300 | |a 142 p. | ||
| 336 | |a texto |b txt |2 rdacontenido | ||
| 337 | |a sin mediación |b n |2 rdamedio | ||
| 338 | |a volumen |b nc |2 rdasoporte | ||
| 649 | |a XX | ||
| 650 | |a Composta | ||
| 650 | |a Basura - |x Tratamiento y Reciclaje | ||
| 650 | |a Desechos Industriales - |x Tema Principal | ||
| 650 | |a Desechos | ||
| 650 | |a Contaminantes Ambientales | ||
| 650 | |a Conservación y Protección Ambiental | ||
| 650 | |a Ingeniería Ambiental | ||
| 910 | |a Fondo Castillo-Martínez | ||
| 920 | |a Impresos - Libros | ||
| 930 | |a Fondos Especiales | ||
| 905 | |a 127 | ||
| 901 | |a 0500346445 |b IT2 |c ESP |i D124577 |u 20250521 | ||
| 902 | |a https://opac.biblio.iteso.mx/vufind/Record/000561294 | ||